Statistics for 各都道府県で最後に消滅した村

Click here to take the quiz!

General Stats

  • This quiz has been taken 13 times
  • The average score is 23 of 68

Answer Stats

都道府県日付Answer% Correct
岩手県2014/01/01岩手郡滝沢村
55%
福岡県2010/02/01八女郡矢部村
55%
北海道2006/03/31網走郡東藻琴村
45%
島尻郡知念村
45%
真庭郡中和村
45%
真庭郡川上村
45%
八女郡星野村
45%
南牟婁郡鵜殿村
45%
愛知県2006/04/01海部郡十四山村
45%
石川県2005/03/01鳳至郡柳田村
45%
岐阜県2005/02/13恵那郡川上村
45%
栃木県2006/03/20塩谷郡栗山村
45%
埼玉県2006/02/01比企郡都幾川村
36%
熊本県2005/08/01八代郡坂本村
36%
青森県2006/02/27中津軽郡相馬村
36%
佐賀県2006/03/20神埼郡脊振村
36%
和歌山県2005/10/01伊都郡花園村
36%
鳥取県2004/11/01岩美郡福部村
36%
八頭郡佐治村
36%
福島県2007/01/01安達郡白沢村
36%
茨城県2006/03/27新治郡玉里村
36%
山形県2005/10/01東田川郡朝日村
36%
岡山県2005/03/31英田郡東粟倉村
36%
秋田県2006/03/27山本郡峰浜村
36%
真庭郡八束村
36%
宮城県2005/04/01栗原郡花山村
36%
香川県1970/02/15三豊郡財田村
36%
滋賀県2005/01/01高島郡朽木村
36%
三好郡西祖谷山村
36%
比企郡玉川村
36%
筑波郡谷和原村
36%
千葉県2010/03/23印旛郡印旛村
36%
印旛郡本埜村
36%
群馬県2010/03/28吾妻郡六合村
36%
沖縄県2006/01/01島尻郡具志頭村
36%
岩船郡朝日村
36%
鹿児島県2006/03/20大島郡住用村
36%
福井県2006/03/03遠敷郡名田庄村
36%
山梨県2006/08/01東八代郡芦川村
36%
宮崎県2006/03/20西諸県郡須木村
36%
徳島県2006/03/01三好郡東祖谷山村
36%
八代郡泉村
36%
静岡県2005/07/01磐田郡龍山村
36%
大分県2005/10/01西国東郡大田村
27%
愛媛県2005/01/16越智郡朝倉村
27%
島尻郡玉城村
27%
長崎県2005/10/01北松浦郡大島村
27%
八代郡東陽村
27%
兵庫県1962/04/01加古郡阿閇村
27%
山口県2006/03/20玖珂郡本郷村
27%
三重県2006/01/10多気郡宮川村
27%
東京都1974/06/01西多摩郡日の出村
27%
新潟県2008/04/01岩船郡神林村
27%
富山県2005/11/01射水郡下村
27%
長野県2010/01/01上水内郡中条村
27%
恵那郡加子母村
27%
島尻郡大里村
27%
奈良県2006/01/01宇陀郡室生村
27%
鹿足郡柿木村
27%
真庭郡美甘村
27%
大阪府1977/04/01豊能郡東能勢村
18%
広島県2004/11/05神石郡豊松村
18%
恵那郡蛭川村
18%
島根県2005/10/01那賀郡弥栄村
18%
高知県2006/03/20幡多郡十和村
18%
越智郡関前村
18%
神奈川県1958/12/01足柄上郡中井村
9%
京都府1967/11/03乙訓郡大山崎村
9%

Score Distribution

Percentile by Number Answered

Percent of People with Each Score

Your Score History

You have not taken this quiz